000 00635nam a2200205Ia 4500
003 GCL
008 140319s9999 xx 000 0 ara d
040 _aGCL /
_cGCL
082 0 4 _a813.083
_bم و
100 1 _aمجيد طوبيا
245 1 0 _aالايام التالية /
_cمجيد طوبيا
260 _a[S.N] :
_bالهيئة المصرية العامة للكتاب ،
_c1992
300 _a422
490 _aالاعمال الكاملة
_v0
650 0 4 _aالادب العربى
650 0 4 _aالقصص العربية
650 0 4 _aالقصص الاجتماعية
650 0 4 _aالمجموعات
942 _2ddc
_cBK
999 _c30158
_d30158